[Event "World Corporate East A"]
[Site "Chess.com INT"]
[Date "2021.02.20"]
[Round "4.3"]
[White "Miroslaw, Michal"]
[Black "Amgalan, Ganbaatar"]
[Result "1-0"]
[WhiteElo "2269"]
[BlackElo "1949"]
[PlyCount "69"]
[EventDate "2021.02.19"]
[EventType "team (rapid)"]
[EventRounds "7"]
[EventCountry "USA"]
[SourceTitle "EXT 2022"]
[Source "ChessBase"]
[SourceDate "2021.10.06"]
[SourceVersion "1"]
[SourceVersionDate "2021.10.06"]
[SourceQuality "1"]
[WhiteTeam "Probit"]
[BlackTeam "Golomt Bank"]
[WhiteTeamCountry "POL"]
[BlackTeamCountry "MGL"]

1. e4 d6 2. d4 Nd7 3. Nf3 Ngf6 4. e5 Ng8 5. Bc4 e6 6. 0-0 d5 7. Bd3 g6 8. c4 c6 9. cxd5 cxd5 10. Nc3 a6 11. Bg5 Be7 12. Bxe7 Nxe7 13. b4 0-0 14. Qd2 Kg7 15. Rac1 b5 16. a4 bxa4 17. Nxa4 Rb8 18. Nc5 Qb6 19. Rb1 Nc6 20. b5 axb5 21. Rxb5 Qc7 22. Rxb8 Qxb8 23. Nxd7 Bxd7 24. Qf4 Qd8 25. h4 f6 26. exf6+ Qxf6 27. Qd6 Rf7 28. Bb5 Qe7 29. Qg3 Nb4 30. Bxd7 Qxd7 31. Ne5 Qe7 32. Nxf7 Qxf7 33. Qe5+ Qf6 34. Qc7+ Qf7 35. Qc3 1-0

[Event "World Corporate East A"]
[Site "Chess.com INT"]
[Date "2021.02.19"]
[Round "3.3"]
[White "Amgalan, Ganbaatar"]
[Black "Czyzykiewicz, Rafal"]
[Result "0-1"]
[WhiteElo "1949"]
[BlackElo "1745"]
[PlyCount "104"]
[EventDate "2021.02.19"]
[EventType "team (rapid)"]
[EventRounds "7"]
[EventCountry "USA"]
[SourceTitle "EXT 2022"]
[Source "ChessBase"]
[SourceDate "2021.10.06"]
[SourceVersion "1"]
[SourceVersionDate "2021.10.06"]
[SourceQuality "1"]
[WhiteTeam "Golomt Bank"]
[BlackTeam "Sabre"]
[WhiteTeamCountry "MGL"]
[BlackTeamCountry "POL"]

1. d4 Nf6 2. Bf4 c5 3. e3 cxd4 4. exd4 d5 5. Nf3 Nc6 6. c3 Bg4 7. Nbd2 Qb6 8. Qb3 Bxf3 9. Nxf3 Qxb3 10. axb3 a5 11. Bb5 e6 12. Ne5 Bd6 13. Nxc6 Bxf4 14. Nxa5+ Ke7 15. 0-0 Ra7 16. b4 Rha8 17. g3 Bd2 18. Rfd1 Bh6 19. Bd3 Kd7 20. Kf1 b6 21. Nb3 Rxa1 22. Nxa1 g6 23. Nc2 Kd6 24. Na3 Nd7 25. Bb5 Nf6 26. f3 Ng8 27. Ke2 Ne7 28. Bd3 Bg7 29. Ra1 Kc6 30. Bb5+ Kb7 31. Rd1 Nf5 32. Bd3 Nd6 33. h4 h5 34. g4 hxg4 35. fxg4 Rh8 36. Rh1 Bf6 37. h5 gxh5 38. gxh5 Bg5 39. Kf3 Kc7 40. Nb5+ Nxb5 41. Bxb5 Kd6 42. Kg4 Bh6 43. Kf3 Ra8 44. Rh2 Ra1 45. Bd3 Rd1 46. Bc2 Rf1+ 47. Kg4 f5+ 48. Kh3 Rf3+ 49. Kg2 Re3 50. Bd1 e5 51. dxe5+ Kxe5 52. Kf2 Rd3 0-1

[Event "MGL-ch (Women)"]
[Site "Ulaanbaatar"]
[Date "2009.04.13"]
[Round "4"]
[White "Amgalan, Ganbaatar"]
[Black "Enkhtuul, Altanulzii"]
[Result "0-1"]
[WhiteElo "1961"]
[BlackElo "2036"]
[PlyCount "60"]
[EventDate "2009.04.11"]
[EventType "tourn"]
[EventRounds "13"]
[EventCountry "MGL"]
[SourceTitle "CBM 130 Extra"]
[Source "ChessBase"]
[SourceDate "2009.07.02"]
[SourceVersion "2"]
[SourceVersionDate "2009.07.15"]
[SourceQuality "1"]

1. d4 Nf6 2. Nf3 c5 3. c4 g6 4. d5 b5 5. cxb5 a6 6. bxa6 Bxa6 7. Nc3 Bg7 8. g3 d6 9. Bg2 0-0 10. 0-0 Nbd7 11. Re1 Qb6 12. Qc2 Rfb8 13. e4 Ng4 14. Rd1 Nge5 15. Ne1 Bc4 16. Rb1 Bxa2 17. Nxa2 Rxa2 18. Bf1 Qa7 19. h3 Nb6 20. Bd2 Na4 21. Bc1 Rb4 22. Rd2 c4 23. Qd1 Nc3 24. bxc3 Rxb1 25. Kg2 Rxd2 26. Qxd2 Qa1 27. Nc2 Qa4 28. Ne3 Nd3 29. Bxd3 cxd3 30. f3 Qa1 0-1

[Event "MGL-ch (Women)"]
[Site "Ulaanbaatar"]
[Date "2009.04.11"]
[Round "1"]
[White "Erdenetsetseg, Baatar"]
[Black "Amgalan, Ganbaatar"]
[Result "1-0"]
[WhiteElo "1965"]
[BlackElo "1961"]
[PlyCount "66"]
[EventDate "2009.04.11"]
[EventType "tourn"]
[EventRounds "13"]
[EventCountry "MGL"]
[SourceTitle "CBM 130 Extra"]
[Source "ChessBase"]
[SourceDate "2009.07.02"]
[SourceVersion "2"]
[SourceVersionDate "2009.07.15"]
[SourceQuality "1"]

1. Nf3 d5 2. d4 c6 3. Bf4 Nf6 4. e3 e6 5. Bd3 Bd6 6. Ne5 0-0 7. Nd2 Re8 8. h4 c5 9. c3 Nc6 10. g4 Bxe5 11. Bxe5 Nxe5 12. dxe5 Nd7 13. f4 Nf8 14. Nf3 Qb6 15. Qe2 Bd7 16. g5 a6 17. a4 Qa5 18. Kf2 Bc6 19. h5 g6 20. hxg6 fxg6 21. Kg3 Qc7 22. Rh6 Re7 23. Qh2 Rg7 24. Qf2 Rd8 25. Nh2 b5 26. Ng4 d4 27. exd4 cxd4 28. cxd4 Qb6 29. Nf6+ Kh8 30. axb5 axb5 31. Rc1 Qxd4 32. Qxd4 Rxd4 33. Bxg6 Rc4 1-0